[Event "Mar del Plata op 52nd"]
[Site "Mar del Plata"]
[Date "2023.04.02"]
[Round "3"]
[White "Liascovich, Lucas Agustin"]
[Black "Amigo Quintana, Antu"]
[Result "1/2-1/2"]
[WhiteElo "2411"]
[BlackElo "2094"]
[PlyCount "104"]
[EventDate "2023.04.01"]
[EventType "swiss"]
[EventRounds "9"]
[EventCountry "ARG"]
[SourceTitle "CBM 213 Extra"]
[Source "ChessBase"]
[SourceDate "2023.05.31"]
[SourceVersion "1"]
[SourceVersionDate "2023.05.31"]
[SourceQuality "1"]

1. e4 e5 2. Nf3 Nc6 3. Nc3 Nf6 4. g3 Bc5 5. Bg2 d6 6. 0-0 a6 7. d3 Be6 8. Be3 Bxe3 9. fxe3 0-0 10. Nh4 Qd7 11. d4 Ne7 12. Qd2 Ne8 13. Rad1 Bg4 14. Bf3 Bh3 15. Rf2 Rd8 16. Nf5 g6 17. Nxe7+ Qxe7 18. Nd5 Qg5 19. dxe5 Qxe5 20. Qd4 Qxd4 21. exd4 Be6 22. Nf4 Bc8 23. Rfd2 c6 24. c4 Nf6 25. Re1 Rfe8 26. b4 Bg4 27. Bg2 d5 28. cxd5 Nxd5 29. Nxd5 cxd5 30. e5 Re7 31. Rc1 Bf5 32. Rc5 Red7 33. a4 Kf8 34. a5 Ke7 35. Bf1 f6 36. exf6+ Kxf6 37. Rf2 h5 38. b5 axb5 39. Rxb5 Rc8 40. Rfb2 Rc1 41. Kf2 Rxf1+ 42. Kxf1 Bd3+ 43. Kf2 Bxb5 44. Rxb5 Kf5 45. Kf3 g5 46. h3 g4+ 47. hxg4+ hxg4+ 48. Ke3 Re7+ 49. Kd3 Rd7 50. Ke3 Re7+ 51. Kd3 Rd7 52. Ke3 Re7+ 1/2-1/2

[Event "CHI-ch"]
[Site "Santiago de Chile"]
[Date "2023.02.15"]
[Round "6"]
[White "Salinas Herrera, Pablo Patricio"]
[Black "Amigo Quintana, Antu"]
[Result "1-0"]
[WhiteElo "2498"]
[BlackElo "2116"]
[PlyCount "117"]
[EventDate "2023.02.11"]
[EventType "tourn"]
[EventRounds "11"]
[EventCountry "CHI"]
[SourceTitle "CBM 212 Extra"]
[Source "ChessBase"]
[SourceDate "2023.03.31"]
[SourceVersion "1"]
[SourceVersionDate "2023.03.31"]
[SourceQuality "1"]

1. e4 e5 2. Nf3 Nc6 3. Bb5 a6 4. Ba4 Nf6 5. Nc3 Bc5 6. Bxc6 dxc6 7. d3 Bg4 8. h3 Bxf3 9. Qxf3 Nd7 10. Qg3 Qf6 11. Bd2 Nf8 12. Ne2 Ne6 13. Bc3 Bd6 14. 0-0 g5 15. f4 gxf4 16. Nxf4 0-0-0 17. Nxe6 Qxe6 18. Qg7 Rdg8 19. Qxf7 Qxh3 20. Qf5+ Qxf5 21. Rxf5 Rg6 22. Be1 Rhg8 23. g3 Rg5 24. Rxg5 Rxg5 25. Kg2 Kd7 26. Bc3 Rg6 27. Rh1 Rg7 28. Rh6 c5 29. Bd2 Re7 30. g4 Ke8 31. Kg3 Rf7 32. Rh5 Kf8 33. Bc3 Re7 34. Rf5+ Kg8 35. g5 Re6 36. Kg4 Kg7 37. Rf3 Re8 38. Rf6 Re7 39. Be1 Re8 40. Bg3 Re7 41. Kf5 Re8 42. a3 a5 43. a4 Re7 44. Bh4 Re8 45. g6 hxg6+ 46. Rxg6+ Kf7 47. Bf6 Bf8 48. Rg2 Re6 49. Bxe5 Rc6 50. b3 b6 51. Rh2 Ke8 52. Bf6 Rd6 53. Rh8 Rd7 54. e5 c6 55. e6 Ra7 56. Ke5 Rb7 57. e7 Rxe7+ 58. Bxe7 Kxe7 59. Rxf8 1-0

[Event "CHI-ch"]
[Site "Santiago de Chile"]
[Date "2023.02.12"]
[Round "2"]
[White "Valdes Escobar, Alvaro Daniel"]
[Black "Amigo Quintana, Antu"]
[Result "1-0"]
[WhiteElo "2347"]
[BlackElo "2116"]
[PlyCount "57"]
[EventDate "2023.02.11"]
[EventType "tourn"]
[EventRounds "11"]
[EventCountry "CHI"]
[SourceTitle "CBM 212 Extra"]
[Source "ChessBase"]
[SourceDate "2023.03.31"]
[SourceVersion "1"]
[SourceVersionDate "2023.03.31"]
[SourceQuality "1"]

1. d4 d5 2. Nf3 Nf6 3. c4 e6 4. Nc3 Bb4 5. cxd5 exd5 6. Bg5 h6 7. Bh4 0-0 8. e3 Bf5 9. Qb3 Bxc3+ 10. bxc3 Nbd7 11. Be2 c5 12. dxc5 Nxc5 13. Qb4 Ncd7 14. 0-0 Qc7 15. Rfc1 b6 16. Bg3 Qb7 17. Nd4 Bg6 18. Bb5 Rac8 19. Bd6 Rfd8 20. Be7 Re8 21. Bxf6 gxf6 22. Qd6 Rc7 23. Ba6 Qb8 24. Nb5 Rc4 25. Qxd7 Rd8 26. Qe7 Rh4 27. g3 Ra4 28. Nd4 Re8 29. Qb7 1-0

[Event "Vicente Lopez ProAm 100 Years op"]
[Site "Buenos Aires"]
[Date "2022.10.15"]
[Round "5"]
[White "Ferrari, Franco"]
[Black "Amigo Quintana, Antu"]
[Result "1-0"]
[WhiteElo "1870"]
[BlackElo "2143"]
[PlyCount "55"]
[EventDate "2022.10.11"]
[EventType "swiss"]
[EventRounds "9"]
[EventCountry "ARG"]
[SourceTitle "CBM 210 Extra"]
[Source "ChessBase"]
[SourceDate "2022.11.30"]
[SourceVersion "1"]
[SourceVersionDate "2022.11.30"]
[SourceQuality "1"]

1. e4 e5 2. Nf3 Nc6 3. d4 exd4 4. Bc4 Nf6 5. e5 d5 6. Bb5 Ne4 7. Nxd4 Bc5 8. Be3 0-0 9. Nxc6 bxc6 10. Bxc5 Nxc5 11. Bxc6 Rb8 12. Qxd5 Qe7 13. 0-0 Rxb2 14. Nc3 Rd8 15. Qf3 Ne6 16. Nd5 Qc5 17. Rfd1 Rxc2 18. Ba4 Rc4 19. Bb3 Rd4 20. Rdc1 Qa3 21. h3 Rd7 22. Nxc7 Rd3 23. Nxe6 Bb7 24. Qg4 g6 25. Nf4 R7d4 26. e6 Qd6 27. exf7+ Kh8 28. Rc8+ 1-0

[Event "Pan American-ch U16"]
[Site "Montevideo"]
[Date "2022.06.27"]
[Round "3"]
[White "Fiorito, Joaquin"]
[Black "Amigo Quintana, Antu"]
[Result "1/2-1/2"]
[WhiteElo "2272"]
[BlackElo "2073"]
[PlyCount "142"]
[EventDate "2022.06.26"]
[EventType "swiss"]
[EventRounds "9"]
[EventCountry "URU"]
[SourceTitle "EXT 2023"]
[Source "ChessBase"]
[SourceDate "2022.10.05"]
[SourceVersion "1"]
[SourceVersionDate "2022.10.05"]
[SourceQuality "1"]

1. d4 Nf6 2. Nc3 d5 3. Bf4 c5 4. e4 Nxe4 5. Bb5+ Nc6 6. Nxe4 dxe4 7. Ne2 g5 8. d5 Bg7 9. 0-0 a6 10. dxc6 axb5 11. Qxd8+ Kxd8 12. c7+ Ke8 13. Be3 b6 14. Rfd1 Bg4 15. Rd2 Be5 16. Nc3 Bxc7 17. Nxb5 Bd8 18. Bxg5 Bd7 19. Nc3 Bc6 20. Bf4 Rg8 21. Nd5 Ra7 22. Rad1 Rd7 23. c4 b5 24. cxb5 Bxb5 25. Be3 Bd3 26. Nc3 Ba5 27. Bxc5 Rc7 28. Bd4 Rc4 29. Be3 Bxc3 30. bxc3 Rxc3 31. Rb2 Rg6 32. Rb8+ Kd7 33. a4 Ra3 34. Rb7+ Ke6 35. Ra7 Bc2 36. Rc1 Bxa4 37. Bc5 Ra2 38. Rxe7+ Kf6 39. Rxe4 Kf5 40. Re7 Re6 41. Rxf7+ Kg6 42. Rc7 Rc2 43. Be3 Rxc1+ 44. Rxc1 Rd6 45. f3 Rd1+ 46. Kf2 Rxc1 47. Bxc1 Bc2 48. g4 Bb1 49. h4 h5 50. Kg3 Bc2 51. Be3 Bd3 52. Bf2 Bc2 53. Kf4 Bd1 54. Bg3 Be2 55. gxh5+ Kxh5 56. Ke4 Kg6 57. Be5 Kf7 58. h5 Bd1 59. Kf4 Bc2 60. Kg5 Kg8 61. f4 Bb3 62. f5 Kh7 63. Bf4 Bf7 64. Be5 Be8 65. h6 Bd7 66. f6 Be6 67. Bf4 Ba2 68. Kf5 Kg8 69. Be5 Kf7 70. Ke4 Bb1+ 71. Kd5 Bh7 1/2-1/2

[Event "CHI-ch U20"]
[Site "Quirihue"]
[Date "2022.01.20"]
[Round "7"]
[White "Alvarado Munoz, Sebastian"]
[Black "Amigo Quintana, Antu"]
[Result "1-0"]
[WhiteElo "1941"]
[BlackElo "1844"]
[PlyCount "143"]
[EventDate "2022.01.17"]
[EventType "swiss"]
[EventRounds "9"]
[EventCountry "CHI"]
[SourceTitle "CBM 206 Extra"]
[Source "ChessBase"]
[SourceDate "2022.03.31"]
[SourceVersion "1"]
[SourceVersionDate "2022.03.31"]
[SourceQuality "1"]

1. e4 e5 2. Nc3 Nf6 3. f4 d6 4. Nf3 Bg4 5. h3 Bxf3 6. Qxf3 Nbd7 7. Bc4 c6 8. a4 Qe7 9. f5 g6 10. d3 h5 11. Rf1 Bh6 12. Bxh6 Rxh6 13. Qe3 Rh8 14. fxg6 fxg6 15. Qg5 Qg7 16. h4 0-0-0 17. b4 Rhf8 18. Ke2 Kb8 19. a5 Nh7 20. Rf7 Qxf7 21. Qxd8+ Rxd8 22. Bxf7 Nhf6 23. Rf1 Rf8 24. Be6 Kc7 25. Rf3 Re8 26. Bh3 Re7 27. Nd1 Rg7 28. Rg3 d5 29. Nf2 d4 30. Be6 Nf8 31. Bb3 b6 32. axb6+ axb6 33. Nh3 Kd6 34. Rf3 N8d7 35. Rf1 Kc7 36. Ng5 Kb7 37. Nf7 Ng4 38. Nd8+ Kc8 39. Nxc6 Ne3 40. Ra1 Nxg2 41. Kf2 Nf4 42. Ra7 g5 43. Bc4 Nb8 44. Rxg7 Nxc6 45. Rxg5 Kc7 46. Rg7+ Kd6 47. b5 Nb4 48. Rb7 Kc5 49. Rc7+ Kd6 50. Rc8 Kd7 51. Rb8 Kc7 52. Re8 Kd6 53. Bb3 Kd7 54. Rf8 Kd6 55. Kf3 Nh3 56. Rf6+ Kc5 57. Rf5 Kd6 58. Rxh5 Ng1+ 59. Kf2 Nh3+ 60. Kg3 Ng1 61. Rh6+ Kc5 62. Kf2 Nh3+ 63. Kg2 Nf4+ 64. Kf3 Kxb5 65. Rf6 Nbxd3 66. cxd3 Nxd3 67. h5 Kb4 68. Rxb6+ Kc3 69. h6 Nc1 70. Rc6+ Kd2 71. Rxc1 d3 72. h7 1-0